000
00275nam a2200121Ia 4500
005
20251222142025.0
008
251222s9999||||xx |||||||||||||| ||spa||
082
_a
818.5/A81F
100
_a
Asinov, Isaac
245
0
_a
El Fin de la Eternidad
264
_b
Orbis
942
_c
LIB
999
_c
10785
_d
10785